banner-ar

USING VSENET NEWSGROUPS / (Record no. 12149)

MARC details
000 -الفاتح
حقل البيانات ثابتة الطول 00520nam a2200217Ia 4500
008 - عناصر البيانات ثابتة الطول - معلومات عامة
حقل البيانات ثابتة الطول 140319s9999 xx 000 0 eng d
040 ## - مصدر الفهرسة
وكالة الفهرسة الأصلية GCL /
وكالة النسخ GCL
082 04 - رقم تصنيف ديوى العشرى
رقم التصنيف 004.6
رقم المادة E U
100 1# - المدخل الرئيسى - إسم شخصى
الإسم الشخصى ESTABROOK, NOEL
245 10 - بيان العنوان
العنوان USING VSENET NEWSGROUPS /
بيان المسئوليه,etc ESTABROOK, NOEL
700 1# - المدخل الاضافى - اسم شخصى
الإسم الشخصى GREGORY, KATE
700 1# - المدخل الاضافى - اسم شخصى
الإسم الشخصى MANN, JIM
700 1# - المدخل الاضافى - اسم شخصى
الإسم الشخصى PARKER, TIM
260 ## - PUBLICATION, DISTRIBUTION, ETC. (IMPRINT)
تاريخ النشر أو التوزيع 1995
300 ## - الوصف المادى
التعداد 363P
650 04 - المدخل الاضافى بالموضوع-مصطلح موضوعى
مصطلح موضوعي شعر الحرب
650 04 - المدخل الاضافى بالموضوع-مصطلح موضوعى
مصطلح موضوعي INTERNET
650 04 - المدخل الاضافى بالموضوع-مصطلح موضوعى
مصطلح موضوعي NEWS
942 ## - عناصر المدخل الإضافي( كوها)
مصدر التصنيف او مخطط الترفيف Dewey Decimal Classification
Koha [default] item type كتاب
260 ## - PUBLICATION, DISTRIBUTION, ETC. (IMPRINT)
-- [S.N] :
-- QUE ،
Holdings
حالة التراجع حالة الفقد حالة تلف ليس للاعارة المكان المؤقت الموقع الحالى تاريخ الاكتساب اجمالي اﻻعارات رقم الطلب الباركود تاريخ اخر مشاهدة تاريخ تفعيل السعر نوع وعاء كوها
        مكتبة القاهرة الكبرى مكتبة القاهرة الكبرى 03/26/2014   004.6\E U 23737 03/26/2014 03/26/2014 كتاب

Powered By

EGPV